000 01253nam a2200217 a 4500
008 120416s0000 ||||||||||||||||| || u
020 _a0592028355
050 _aTK 7871.9 Amo
100 _aAmos, S. W
245 1 0 _aPrinciples of Transistor circuits
246 _aintroduction to the design of amplifiers, receivers and other circuits
250 _a4th. ed
260 _aLondon
_bButterworths
_c1972
300 _avi, 310p. : ill
350 _a0.00
995 _aANNEX COLLECTION (Main Library)
_D0.00
_e711834
_FCBU-MAIN LIBRARY (Kitwe)
_H1
_I3.00
_jTK 7871.9 Amo
_UAVAILABLE
_y016460
_ZAnnex Low-Usage Collection
995 _aMAIN LIBRARY OPEN ACCESS
_D0.00
_e711833
_FCBU-MAIN LIBRARY (Kitwe)
_H4
_I3.00
_jTK 7871.9 Amo
_UAVAILABLE
_y016462
_ZMain Library Open Access Collection
995 _aANNEX COLLECTION (Main Library)
_D0.00
_e711832
_FCBU-MAIN LIBRARY (Kitwe)
_H2
_I3.00
_jTK 7871.9 Amo
_UAVAILABLE
_y016459
_ZAnnex Low-Usage Collection
995 _aANNEX COLLECTION (Main Library)
_D0.00
_e711831
_FCBU-MAIN LIBRARY (Kitwe)
_H3
_I3.00
_jTK 7871.9 Amo
_UAVAILABLE
_y016461
_ZAnnex Low-Usage Collection
995 _aTEXTBOOKS (CHEM.ENG.)
_D0.00
_e3660
_FCBU-SCHOOL TEXTBOOK COLLECTIONS
_H1
_I0.00
_jSCHOOL TEXTBOOK
_M5
_UAVAILABLE
_WSep 2, 2009
_y3660
_ZSchool Collections
999 _c77361
_d77361